|
|
|
|
| LEADER |
00000cac a2200000 a 4500 |
| 003 |
Ucuenca |
| 005 |
20230308161307.0 |
| 006 |
a||||gr|||| 0|1 | |
| 007 |
ta |
| 008 |
974081s1973 ag gr|||||||1|| spa a |
| 040 |
|
|
|b spa
|
| 041 |
0 |
|
|a spa
|
| 082 |
0 |
|
|2 22
|a 801
|c 57749
|
| 110 |
2 |
|
|a Universidad Nacional de la Plata.
|g UNPL
|9 6316
|e autor
|
| 245 |
|
|
|a Estudios de Crítica literaria /
|c Universidad Nacional de la Plata, Facultad de Humanidades y Ciencias de la Educación.
|
| 264 |
|
1 |
|a La Plata:
|b Universidad Nacional de la Plata,
|c 1973.
|
| 300 |
|
|
|a 209 páginas:
|c 23 cm
|
| 490 |
0 |
|
|a Trabajos de Alumnos
|n no. 3
|
| 504 |
|
|
|a incl. ref.
|
| 505 |
0 |
|
|a Doa momentos en el libro 1 de la Eneida -- Exposición del libro del Job -- Sobre Martín Fierro y sus actitudes piadosas -- La visión de la clase alta porteña en para comerte mejor de Eduardo Gudiño Kieffer -- La función desolemnizadora del lenguaje en en para comerte mejor e Eduardo Gudiño Kieffer -- Visión de la naturaleza en todas las Sangres de José María Arguedas -- Responsabilidad estética y sociel en la voragine de José E. Rivera -- La ficción narativa de los testigos en la novela Los adioses de Juan Carlos Onetti -- La realidad del sur de Italia en Gente in Aspromonte. Estuyo de algunos elementos constituyentes -- Religiosidad en la bufera e altro de Eugenio Montale.
|
| 650 |
1 |
7 |
|a Crítica literaria
|9 621
|
| 650 |
1 |
7 |
|a Literatura
|9 131
|
| 852 |
|
|
|a UC-CDJBV
|f Donación
|l 1
|m General
|p 19740812
|r 8
|t 57749
|b 0
|d CDRC
|e CDRC
|g 801 TERCER PISO
|z 1974-40-81
|
| 942 |
|
|
|c CR
|2 ddc
|z maria.lopezr@ucuenca.edu.ec
|
| 999 |
|
|
|c 13959
|d 13959
|